00315nam a2200133Ia 4500003000400000005001700004008004100021020001800062040001700080100001600097245003900113260002000152260000900172OSt20240320115825.0170524s9999 xx 000 0 und d a9780898157697 cIIMTU MEERUT aBeach- Neve 4aThe Ghirardelli chocolate cookbook bTen speed press c1999